000
00290nam a22001337a 4500
999
_c
5792
_d
5792
020
_a
978-0073376769
082
_a
658.403
100
_a
James A. O'Brien
245
_a
Management Information Systems
250
_a
6th
260
_a
New Delhi
_b
Pearson
_c
2003
300
_a
350
942
_c
BK